Online
Catalog

Gestión del capital intelectual en las instituciones de educación superior : (Record no. 60306)

MARC details
000 -CABECERA
campo de control de longitud fija 01987nam a2200325 i 4500
003 - IDENTIFICADOR DEL NÚMERO DE CONTROL
campo de control DO-SdBNP
005 - FECHA Y HORA DE LA ÚLTIMA TRANSACCIÓN
campo de control 20260212133941.0
007 - CAMPO FIJO DE DESCRIPCIÓN FÍSICA--INFORMACIÓN GENERAL
campo de control de longitud fija ta
008 - DATOS DE LONGITUD FIJA--INFORMACIÓN GENERAL
campo de control de longitud fija 260212b2025 dr ad||| |||| 00| 0 spa d
020 ## - NÚMERO INTERNACIONAL ESTÁNDAR DEL LIBRO
Número Internacional Estándar del Libro 9789945099096
040 ## - FUENTE DE LA CATALOGACIÓN
Centro catalogador/agencia de origen DO-SdBNP
Lengua de catalogación spa
Centro/agencia transcriptor BNPHU
Normas de descripción rda
041 ## - CÓDIGO DE LENGUA
Código de lengua del texto/banda sonora o título independiente spa
082 #4 - NÚMERO DE LA CLASIFICACIÓN DECIMAL DEWEY
Número de clasificación xxx
Número de documento/Ítem C965g
Número de edición 22
100 ## - ENTRADA PRINCIPAL--NOMBRE DE PERSONA
Nombre de persona Cuello Nieto, César
Término indicativo de función/relación autor
Código de función/relación aut.
9 (RLIN) 37060
245 10 - MENCIÓN DE TÍTULO
Título Gestión del capital intelectual en las instituciones de educación superior :
Resto del título caso de la Universidad Autónoma de Santo Domingo /
Mención de responsabilidad, etc. César Cuello Nieto ; edición al cuidado Avelino Stanley ; prólogo, Fernando I. Ferrán.
264 ## - PRODUCCIÓN, PUBLICACIÓN, DISTRIBUCIÓN, FABRICACIÓN Y COPYRIGHT
Producción, publicación, distribución, fabricación y copyright Santo Domingo, República Dominicana :
Nombre del de productor, editor, distribuidor, fabricante Editorial Santuario,
Fecha de producción, publicación, distribución, fabricación o copyright 2021.
300 ## - DESCRIPCIÓN FÍSICA
Extensión 473 páginas :
Otras características físicas ilustraciones, gráficos ;
Dimensiones 23 cm.
336 ## - TIPO DE CONTENIDO
Término de tipo de contenido texto
Código de tipo de contenido txt
Fuente rdacontent
337 ## - TIPO DE MEDIO
Nombre/término del tipo de medio sin mediación
Código del tipo de medio n
Fuente rdamedia
338 ## - TIPO DE SOPORTE
Nombre/término del tipo de soporte volumen
Código del tipo de soporte nc
Fuente rdacarrier
500 ## - NOTA GENERAL
Nota general Incluye datos biográficos del autor en las solapas
500 ## - NOTA GENERAL
Nota general Incluye apéndices metodológicos y estadísticos (páginas 411-473).
504 ## - NOTA DE BIBLIOGRAFÍA, ETC.
Nota de bibliografía, etc. Bibliografía: páginas 391-410
505 ## - NOTA DE CONTENIDO CON FORMATO
Nota de contenido con formato Índice de cuadros 12 -- Índice de gráficos 13 -- Índice de tablas 13 -- Lista de acrónimos 17 -- Prólogo 21 -- Agradecimientos 25 -- Introducción 29 -- Metodología 35 -- Marco Teórico y Conceptual 41 -- La gestión del Capital Intelectual en las IES 73 -- La gestión del Capital Intelectual Estructural 93 -- El Sistema de Educación Superior de la República Dominicana 103 --- Informe de Capital Intelectual Estructural de la UASD. Estado de situación 117 -- Informe de Capital Intelectual Humano de la UASD. Estado de situación 229 -- Informe de Capital Intelectual Relacional de la UASD. Estado de situación 335 -- Conclusiones 379 -- Referencias bibliográficas 391 -- Anexos 411.
590 ## - NOTA LOCAL (RLIN)
Nota local Inventariado, 2026 /LP
700 ## - PUNTO DE ACCESO ADICIONAL--NOMBRE DE PERSONA
Nombre de persona Ferran, Fernando I
Término indicativo de función/relación prologuista
Código de función/relación pr.
9 (RLIN) 35398
700 ## - PUNTO DE ACCESO ADICIONAL--NOMBRE DE PERSONA
Nombre de persona Stanley, Avelino
Término indicativo de función/relación editor
Código de función/relación ed.
9 (RLIN) 81556
910 ## - DATOS DE OPCIÓN DEL USUARIO (OCLC)
Datos de opción del usuario LP
942 ## - ELEMENTOS DE PUNTO DE ACCESO ADICIONAL (KOHA)
Fuente del sistema de clasificación o colocación Dewey Decimal Classification
Tipo de ítem Koha Libro
Holdings
Estado de retiro Estado de pérdida Fuente del sistema de clasificación o colocación Restricciones de uso No para préstamo Código de colección Localización permanente Ubicación/localización actual Ubicación en estantería Fecha de adquisición Fuente de adquisición Total de préstamos Signatura topográfica completa Código de barras Fecha visto por última vez Precio válido a partir de Tipo de ítem Koha Número de copia
    Dewey Decimal Classification Excluido de préstamo   Patrimonio Dominicano Biblioteca Nacional Pedro Henríquez Ureña Biblioteca Nacional Pedro Henríquez Ureña En catalogación 20.11.2025 Donado por César Cuello   xxx C965g 2026-1063 12.02.2026 12.02.2026 Libro  
    Dewey Decimal Classification Excluido de préstamo   Patrimonio Dominicano Biblioteca Nacional Pedro Henríquez Ureña Biblioteca Nacional Pedro Henríquez Ureña En catalogación 20.11.2025 Donado por César Cuello   xxx C965g 2026-1064 12.02.2026 12.02.2026 Libro e. 2

Powered by Koha